On the way to supermanhood (Record no. 156097)

MARC details
000 -LEADER
fixed length control field 00664nam a22002297a 4500
003 - CONTROL NUMBER IDENTIFIER
control field dpl
005 - DATE AND TIME OF LATEST TRANSACTION
control field 20180820132748.0
008 - FIXED-LENGTH DATA ELEMENTS--GENERAL INFORMATION
fixed length control field 180820b xxu||||| |||| 00| 0 eng d
010 ## - LIBRARY OF CONGRESS CONTROL NUMBER
LC control number A-720650
016 ## - NATIONAL BIBLIOGRAPHIC AGENCY CONTROL NUMBER
Record control number A-720650
035 ## - SYSTEM CONTROL NUMBER
System control number A-720650
037 ## - SOURCE OF ACQUISITION
Source of stock number/acquisition BPPD/PUB
040 ## - CATALOGING SOURCE
Transcribing agency 0
082 ## - DEWEY DECIMAL CLASSIFICATION NUMBER
Classification number 110
100 ## - MAIN ENTRY--PERSONAL NAME
Personal name Satprem
245 ## - TITLE STATEMENT
Title On the way to supermanhood
Statement of responsibility, etc by Satprem
260 ## - PUBLICATION, DISTRIBUTION, ETC. (IMPRINT)
Place of publication, distribution, etc New york
Name of publisher, distributor, etc Institute for evolutionary research
Date of publication, distribution, etc 1985
270 ## - ADDRESS
Address 200 park avenue suite 303 east
City New york
Postal code 10166
300 ## - PHYSICAL DESCRIPTION
Extent 192p.
Dimensions 22 cm ( Hb)
490 ## - SERIES STATEMENT
Series statement Encyclopaedia universalia , V.2
942 ## - ADDED ENTRY ELEMENTS (KOHA)
Institution code [OBSOLETE] dpl
Koha item type English Books
Call number prefix 110 / SAT
Source of classification or shelving scheme Dewey Decimal Classification
Classification part 110
Call number suffix SAT
Holdings
Withdrawn status Lost status Source of classification or shelving scheme Damaged status Not for loan Collection code Home library Current library Date acquired Source of acquisition Cost, normal purchase price Total Checkouts Full call number Barcode Date last seen Cost, replacement price Price effective from Koha item type
    Dewey Decimal Classification     Non-fiction Shahdara Branch Shahdara Branch 20/08/2018 BPPD/PUB 0.00   110 SAT A-720650 20/08/2018 0.00 20/08/2018 English Books

© Delhi Public Library
Hit Counter
free hit counter